Hethiter, Churriter und Assyrer : Hauplinien der vorderasiatischen Kulturentwicklung im II. Jahrtausend v. Chr. geb. /
Main Author:
Format: Book
Language: German
Published:
Oslo : Cambridge, Mass. :
H. Aschehoug ; Harvard University Press,
1936.
Series:
Instituttet for sammenlignende kulturforskning. [Publikationer] Ser. A: Forelesninger ;
17.
Subjects:
Tags: Add Tag
Call Number: DS56 .G6 1936
| LEADER | 01058namaa2200289 4500 | ||
|---|---|---|---|
| 001 | 20781 | ||
| 003 | OSt | ||
| 005 | 20260311062117.0 | ||
| 008 | 130303s1936 no bf b 000 0 ger d | ||
| 010 | |a 37013903 | ||
| 040 | |c ARCE Library | ||
| 043 | |a aw----- | ||
| 050 | 4 | |a DS56 .G6 1936 | |
| 100 | 1 | |a Götze, Albrecht, |d 1897-1971, |e author |9 30969 | |
| 245 | 1 | 0 | |a Hethiter, Churriter und Assyrer : |b Hauplinien der vorderasiatischen Kulturentwicklung im II. Jahrtausend v. Chr. geb. / |c von Albrecht Götze. |
| 264 | 1 | |a Oslo : |b H. Aschehoug ; |a Cambridge, Mass. : |b Harvard University Press, |c 1936. | |
| 300 | |a xv, 194 pages : |b plates, 5 folded maps ; |c 20 cm. | ||
| 490 | 0 | |a Instituttet for sammenlignende kulturforskning. [Publikationer] Ser. A: Forelesninger ; |v 17. | |
| 500 | |a Series title, in part, at head of t.-p. | ||
| 504 | |a Bibliographical footnotes. | ||
| 650 | 0 | |a Hittites. | |
| 650 | 0 | |a Civilization, Ancient. | |
| 651 | 0 | |a Assyria |x History. | |
| 651 | 0 | |a Middle East |x Antiquities. | |
| 901 | |a reviewed | ||
| 942 | |c BK |2 lcc | ||
| 999 | |c 17222 |d 17222 | ||
